000 00356nam a2200133Ia 4500
005 20260328101518.0
008 260328s9999||||xx |||||||||||||| ||und||
100 _aPaoletti, Pierre Maria
245 0 _aParme :
_b Guide artistique illustre /
_cPierre Maria Paoletti
260 _bSyndicat de Parme
300 _a55 p.
650 _aEDAD MODERNA
942 _cBK
999 _c9449
_d9449